Characters with the Most Lines in Oz Quiz Stats

 Plays Quiz not verified by Sporcle

Score 0/60 Timer 10:00
0 Plays Today
# of Lines Character % Correct
2236Ryan O'Reily
97.7%
1491Tobias Beecher
97.1%
1971Tim McManus
95.3%
968Vernon Schillinger
95.3%
1205Kareem Said
94.8%
1480Leo Glynn
93%
1220Sister Peter Marie Reimondo
92.4%
738Simon Adebisi
92.4%
1296Augustus Hill
91.3%
819Christopher Keller
90.7%
848Miguel Alvarez
89%
599Bob Rebadow
86%
772Father Ray Mukada
85.5%
443Agamemnon Busmalis
84.3%
156Peter Schibetta
84.3%
128Nino Schibetta
83.7%
508Kenny Wangler
83.1%
491Cyril O'Reily
83.1%
541Arnold 'Poet' Jackson
82.6%
384James Robson
82%
821Dr. Gloria Nathan
80.2%
200Jaz Hoyt
79.7%
190Governor James Devlin
76.7%
185Shirley Bellinger
76.7%
323Chucky Pancamo
76.2%
390Officer Diane Whittlesey
75.6%
287Officer Claire Howell
75.6%
137Raoul 'El Cid' Hernandez
75%
165Timothy Kirk
72.1%
526Officer Sean Murphy
71.5%
# of Lines Character % Correct
178Jefferson Keane
70.9%
280Burr Redding
70.3%
248Enrique Morales
70.3%
330Zahir Arif
68.6%
540Omar White
68%
133Antonio Nappa
67.4%
134Reverend Jeremiah Cloutier
65.7%
133Martin Querns
65.1%
234Carmen 'Chico' Guerra
64%
207Detective Johnny Basil
61%
104Dino Ortolani
59.3%
83Scott Ross
59.3%
193Officer Clayton Hughes
58.1%
148Nikolai Stanislofsky
57.6%
144Jackson Vahue
54.7%
120Kevin 'Supreme Allah' Ketchum
54.7%
90Donald Groves
50.6%
98William Giles
49.4%
86Moses Deyell
49.4%
168Officer Dave Brass
48.8%
128Officer Joseph Mineo
45.3%
137Officer Len Lopresti
42.4%
91Adam Guenzel
42.4%
85Junior Pierce
40.7%
278Suzanne Fitzgerald
39%
106Leroy Tidd
35.5%
163Alvah Case
33.1%
89Eleanor O'Connor
31.4%
83Greg Penders
30.8%
102Katherine McLean
21.5%

You're not logged in!

Compare scores with friends on all Sporcle quizzes.
OR
Log In

Sporcle TV

Today on Sporcle TV


Watch our educational content, quiz creation guides, and fun videos on Sporcle TV.

Show Comments

Extras

Top Quizzes Today


Score Distribution

Your Account Isn't Verified!

In order to create a playlist on Sporcle, you need to verify the email address you used during registration. Go to your Sporcle Settings to finish the process.

Report this User

Report this user for behavior that violates our Community Guidelines.

Details: